QTL analysis: further uses of marker regression (Record no. 66145)

MARC details
000 -LEADER
fixed length control field 00439nam a2200169Ia 4500
100 ## - MAIN ENTRY--AUTHOR NAME
Personal name Hyne V
245 #0 - TITLE STATEMENT
Title QTL analysis: further uses of marker regression
260 ## - PUBLICATION, DISTRIBUTION, ETC. (IMPRINT)
Name of publisher Theoretical and Applied Genetics
Year of publication 1995
300 ## - PHYSICAL DESCRIPTION
Number of Pages 471-476
650 ## - SUBJECT ADDED ENTRY--TOPICAL TERM
Topical Term Mapmaker/QTL
650 ## - SUBJECT ADDED ENTRY--TOPICAL TERM
Topical Term Marker regression
650 ## - SUBJECT ADDED ENTRY--TOPICAL TERM
Topical Term QTL
650 ## - SUBJECT ADDED ENTRY--TOPICAL TERM
Topical Term Regression mapping
700 ## - ADDED ENTRY--PERSONAL NAME
Personal name Kearsey M J
942 ## - ADDED ENTRY ELEMENTS (KOHA)
Koha item type Journals
Holdings
Withdrawn status Lost status Damaged status Not for loan Home library Current library Shelving location Date acquired Serial Enumeration / chronology Koha item type
      Journals RRII Library RRII Library QTL 17/12/2021 Volume 91, Issue 3 Journals